000 02254cam a2200469Ma 4500
001 ocn277199636
003 TZ-ArACH
005 20140905143125.0
006 m d
007 cr cn|||||||||
008 081016s2004 ne o 001 0 eng d
020 _z9789004138728
020 _z9004138722
035 _a(OCoLC)277199636
_z(OCoLC)474660650
_z(OCoLC)474712718
_z(OCoLC)648239514
_z(OCoLC)698457564
_z(OCoLC)722572004
_z(OCoLC)728027381
040 _aCaPaEBR
_beng
_cTZ-ArACH
_dOCLCQ
_dE7B
_dOCLCQ
_dDKDLA
_dFVL
_dOCLCQ
_dOCLCF
_dOCLCO
041 0 _aeng
_afre
043 _af------
049 _aTZAA
050 4 _aKZ21
_b.A345 2002
245 0 0 _aAfrican yearbook of international law Vol. 10, 2002= Annuaire africain de droit international Vol. 10, 2002
_hBook
_nVol. 10, 2002 /
_cpublished under the auspices of the African Association of International Law ; edited by Abdulqawi A. Yusuf = Annuaire africain de droit international. Vol. 10, 2002 / publié sous les auspices de l'Association africaine de droit international ; Sous la direction de Abdulqawi A. Yusuf.
246 3 1 _aAnnuaire africain de droit international
260 _aLeiden :
_bMartinus Nijhoff,
_c2004.
300 _aviii, 776 p.
490 1 _aAsian yearbook of international law
490 1 _aAfrican yearbook of international law
500 _aIncludes indexes.
546 _aEnglish and French.
650 0 _aInternational law
_zAfrica.
_914413
650 0 _aInternational law.
_914414
650 4 _aElectronic books.
_914415
650 7 _aInternational law.
_2fast
_914416
651 7 _aAfrica.
_2fast
_914417
655 4 _aElectronic books.
_914423
700 1 _aYusuf, Abdulqawi.
_914419
710 2 _aAfrican Association of International Law.
_914420
830 0 _aAsian yearbook of international law.
_914421
830 0 _aAfrican yearbook of international law.
_914422
856 4 0 _3ebrary
_uhttp://site.ebrary.com/id/10175368
942 _2lcc
_cBOOK
999 _c2942
_d2942